[Event "Tata Steel-A 78th"]
[Site "Wijk aan Zee"]
[Date "2016.01.31"]
[Round "13"]
[White "Carlsen, Magnus"]
[Black "Ding, Liren"]
[Result "1/2-1/2"]
[WhiteElo "2844"]
[BlackElo "2766"]
[Annotator "Marin,M"]
[PlyCount "197"]
[EventDate "2016.01.16"]
[EventType "tourn"]
[EventRounds "13"]
[EventCountry "NED"]
[EventCategory "20"]
[SourceTitle "CBM 171"]
[Source "ChessBase"]
[SourceDate "2016.03.14"]
[SourceVersion "2"]
[SourceVersionDate "2016.03.14"]
[SourceQuality "1"]

1. e4 e5 2. Nf3 Nc6 3. Bb5 a6 4. Ba4 Nf6 5. O-O Nxe4 6. d4 b5 7. Bb3 d5 8. dxe5
Be6 9. Nbd2 Nc5 10. c3 Be7 11. Bc2 d4 12. Nb3 d3 13. Nxc5 dxc2 14. Qxd8+ Rxd8
15. Nxe6 fxe6 16. Be3 Rd5 17. Rfc1 Nxe5 18. Nxe5 Rxe5 19. Bd4 Rg5 20. Rxc2 Kf7
21. Be3 {For earlier deviations and So's novelty 21...Rh5 see Adams,M (2744)
-So,W (2773) Wijk aan Zee 2016 CBM 171 [Marin] played in the same round.} Re5 {
There is a good question about the best path for the rook to get back into
play. Abstractly, the game move may look like a slight concession as the same
position can be achieved if Black meets the immediate capture 19.Rxc2 with 19..
.Kf7. In the notes to the aforementioned game I have examined 19...0-0 which
seems best. But for White it is not easy to take advantage of this small
achievement.} (21... Rd5 {exposes the rook to} 22. c4 bxc4 (22... Rd7 23. cxb5
axb5 24. Rac1 Ra8 25. Rxc7 Rxc7 26. Rxc7 Rxa2 27. g3 Ke8 28. Bd4 g5 29. Rb7 b4
30. Kg2 $14) 23. Rxc4 Bd6 24. b3 Rb8 25. Rac1 Ke7 26. Kf1 Kd7 27. Ke2 $14 {
Nisipeanu,L (2668)-Svetushkin,D (2604) Predeal 2007 (1-0, 50), and Black
eventually went down due to his numerous weaknesses.}) (21... Rg4 {misplaces
the rook slightly.} 22. b3 $1 (22. Rd1 Rc4 23. Rcd2 Bd6 24. g3 a5 $132 {
[%csl Gc4]}) 22... Rd8 23. g3 e5 {Black needs to weaken his e-pawn even more
in order to clear the rook's path.} (23... Re4 $6 24. Bf4 $1 {[%cal Gf2f3]
more or less wins the exchange}) 24. Kg2 Rg6 25. c4 Rc6 26. Rac1 b4 27. c5 Rf6
28. Rc4 a5 29. Re4 Rd5 30. a3 bxa3 31. Ra4 Rd3 32. Rxa3 a4 33. Rxa4 Rxb3 34. h4
Rd3 35. Ra7 Rc6 36. Kf3 Ke6 37. Ke4 $14 {Adams,M (2724)-Smeets,J (2538) London
2007 (1-0, 47)}) 22. c4 b4 {There is no other way to keep the integrity of the
queenside structure, but placing a pawn on a dark square implies certain
strategic risk.} 23. Rd1 Rd8 24. Rxd8 Bxd8 25. Kf1 (25. Rd2 Ke8 26. Kf1 Bg5 $11
{Kosintseva,N (2528)-Koneru,H (2589) Kazan 2012 (½-½, 40)}) 25... Bg5 26. Bd4
({Sutovsky's favourite is} 26. Ba7 Be7 (26... h5 27. Bb8 Rc5 28. Ke2 Bf4 29. g3
Bd6 30. f4 g5 31. Ba7 Rf5 32. fxg5 Rxg5 33. Be3 {Sutovsky,E (2642)-Haba,P 
(2488) Austria 2015 (1-0, 56)} Rf5 34. Kd3 Bc5 $11) (26... Rf5 {Xie,J (2530)
-Polgar,Z (2550) Jaen 1996 CBM 052 [Ftacnik,L] (1/2-1/2, 46)}) 27. Re2 Rf5 {
Sutovsky,E (2665)-Sorokin,M (2599) Sochi 2005 CBM 107 [Postny,E] (1-0, 45)})
26... Ra5 27. b3 Bf6 28. Be3 Bg5 $5 $146 {As known from the comments to the
aforementioned Adams-So, Black is interested in exchanging bishops.} (28... Rh5
29. h3 a5 30. Ke2 a4 $6 31. Kd3 Ke8 (31... axb3 32. axb3 Ke8 33. Bd2 Be7 34.
Ra2) 32. bxa4 $5 Ra5 33. c5 Rxa4 34. Kc4 Bc3 35. Bd2 Kd7 36. Bxc3 bxc3+ 37. Kb3
Rf4 38. f3 Kc6 39. Rxc3 $14 {Potkin,V (2556)-Amin,B (2453) Abu Dhabi 2006 (1-0,
56)}) 29. f4 Be7 30. g4 {White has gained kingside space, but his pawns are
vulnerable to exchanges, helping Black to get rid of some of his weaknesses.}
h5 31. h3 g6 {Of course it would not make sense to open the h-file in a moment
when the white rook could be transferred to it along the second rank.} 32. Ke2
hxg4 33. hxg4 e5 34. Kf3 exf4 35. Bxf4 {Black has rid himself of several
weaknesses and his position looks safe enough. But White has some initiative
now and the b4-pawn still is a problem.} Bd6 $1 (35... c6 $6 {exposes the rook
too much.} 36. Ke4 Ke6 37. Bc7 Rg5 $2 ({Relatively better is} 37... Ra3 {
without a clear white win yet, but it certainly is risky playing with the
caged rook.}) 38. Kf4 Rc5 (38... Bf6 39. Re2+ Kd7 40. Be5 {[%csl Gg5] General
exchanges obviously lose while otherwise the rook remains in a miserable
position.}) 39. Re2+ Kf6 40. Rxe7 Kxe7 41. Bb6 {A fantastic trapping of the
rook!}) 36. c5 $5 {An interesting resource for keeping the fight alive.} (36.
Bxd6 cxd6 37. Kf4 Re5 38. Rh2 g5+ 39. Kf3 Ke6 40. Rh6+ Kd7 41. Rh7+ Ke6 42. Ra7
Ra5 43. Rb7 Rxa2 44. Rxb4 Ke5 $11) 36... Bxc5 $1 {The best practical decision.}
({It certainly makes no sense depriving himself of the dynamic resource
yielded by the pressure on a2. After} 36... Rxc5 37. Rxc5 Bxc5 38. Bxc7 {
the bishop ending looks suspicious for Black, even though it seems that White
only has practical chances:} Kf6 39. Bf4 Ke6 40. Ke4 Bb6 41. Bd2 Bc5 (41... a5
42. Bf4 $22 {In order to avoid Bc7xa5, Black needs to clear the king's path to
b5 with a bishop retreat.}) 42. Bh6 Be7 (42... Bf2 43. Bf8 Be1 44. Kd4 {
is similar}) 43. Kd4 Kd6 44. Bd2 Ke6 45. Kc4 Ke5 46. Bxb4 Bxb4 47. Kxb4 Kf4 48.
Ka5 Kxg4 49. Kxa6 g5 50. b4 Kf3 51. b5 g4 52. b6 g3 53. b7 g2 54. b8=Q g1=Q {
The endgame is drawn, but why suffer for 200 moves or so to prove it, with the
obvious risk of stumbling along the way?}) 37. Bxc7 Rb5 38. Ke4 Ke6 39. Bf4 Ra5
40. Bd2 Be7 {Offering White some chances.} (40... Rb5 $5) 41. Rc6+ Kd7 42. Rxg6
Rxa2 43. Bf4 Ra3 44. g5 Rxb3 45. Rb6 Bxg5 {Another practical decision. Ding
Liren knew how to defend with a rook versus a rook and a bishop so he does not
risk getting into some study like ending.} ({But objectively} 45... a5 {
should also draw:} 46. g6 Rb1 47. Kf5 Rg1 48. Rb7+ Ke8 49. Be3 (49. Bh6 Rf1+)
49... Rg2 50. Bh6 a4 51. Rb8+ Kd7 52. g7 b3 53. g8=Q Rxg8 54. Rxg8 b2 55. Rb8
a3 56. Bg7 Bf8 $5 57. Bc3 (57. Bxf8 $6 a2) 57... Bh6 58. Ke4 (58. Bxb2 $11)
58... Bc1 59. Kd3 a2 $1 {Right in time!} 60. Rxb2 a1=Q 61. Rb7+ {Unfortunately,
the black king is too close to the rook.} Kc6 62. Bxa1 Kxb7 $11) 46. Bxg5 a5
47. Ra6 a4 48. Rxa4 Kc6 49. Ra5 Ra3 50. Rf5 b3 51. Bf6 Ra2 52. Bd4 b2 53. Rc5+
Kb6 54. Rc3+ Kb5 55. Rb3+ Kc4 56. Rb8 b1=Q+ 57. Rxb1 Re2+ {Ding Liren chooses
one of the two possible defensive systems, the second rank setup.} ({I find
the other plan simpler:} 57... Rh2 58. Rc1+ Kb5 59. Kd5 Rh5+ 60. Be5 Ka5 61.
Rb1 Rg5) 58. Be3 Rc2 59. Rb8 Kc3 60. Rc8+ Kb3 61. Bc5 Kc4 62. Rc7 Kc3 63. Kd5
Kd3 64. Rh7 Re2 65. Rh3+ Kc2 66. Kc4 Re4+ 67. Bd4 Kd2 68. Rh2+ Re2 69. Rh4 Rg2
70. Re4 Re2 71. Bc3+ Kd1 72. Rf4 Kc2 73. Rd4 Rf2 74. Rd3 Re2 75. Bd4 Re4 76.
Ra3 Re2 77. Be3 Kd1 78. Rd3+ (78. Kd3 Rd2+ $1) 78... Ke1 79. Rc3 Kf1 80. Kd3
Ra2 81. Rc1+ Kg2 82. Ke4 Kg3 83. Rc8 Rg2 84. Rf8 Kg4 85. Bf2 Kh3 86. Kf3 Rg3+
87. Kf4 Rg4+ 88. Kf5 Rg7 89. Bd4 Rg3 90. Be5 Rf3+ 91. Bf4 Kg2 92. Kg4 Rf2 93.
Rh8 Re2 94. Rh3 Kf2 95. Rf3+ Kg2 96. Be3 Rc2 97. Rg3+ Kf1 98. Kf3 Rf2+ 99. Bxf2
1/2-1/2

[Event "Norway Masters blitz 4th"]
[Site "Stavanger"]
[Date "2016.04.18"]
[Round "4"]
[White "Carlsen, Magnus"]
[Black "Harikrishna, Pentala"]
[Result "1-0"]
[WhiteElo "2851"]
[BlackElo "2763"]
[Annotator "CB"]
[PlyCount "86"]
[EventDate "2016.04.18"]
[EventType "tourn (blitz)"]
[EventRounds "9"]
[EventCountry "NOR"]
[EventCategory "21"]
[SourceTitle "CBM 171 Extra"]
[Source "ChessBase"]
[SourceDate "2016.04.26"]
[SourceVersion "1"]
[SourceVersionDate "2016.04.26"]
[SourceQuality "1"]

1. e4 c5 2. Nf3 e6 3. d4 cxd4 4. Nxd4 Nc6 5. Nc3 Qc7 6. a3 a6 7. Be3 Be7 8. f4
b5 9. Nxc6 Qxc6 10. Bd3 Bb7 11. O-O Nf6 12. Kh1 d5 13. exd5 Nxd5 14. Be4 Qd7
15. Bxd5 Bxd5 16. Nxd5 Qxd5 17. Qxd5 exd5 18. Bd4 f6 19. g3 Kf7 20. Kg2 Rhe8
21. Kf3 Rac8 22. Rf2 Bc5 23. Rd1 Re4 24. Bxc5 Rxc5 25. Rd3 {[#] Objectively
the rook ending is equal but that can be said of many endgames Carlsen has won.
} b4 $2 ({Better is} 25... a5 {After} 26. Rxd5 {Black has} Rxf4+) 26. Rxd5 Rxd5
({Now} 26... Rxf4+ 27. gxf4 Rxd5 28. axb4 {costs a pawn.}) 27. Kxe4 Rb5 28. a4
Ra5 29. b3 Rc5 30. c4 bxc3 31. Rc2 Ke6 32. Kd4 Rd5+ 33. Kxc3 Kf5 34. Kc4 Rd8
35. b4 Kg4 36. b5 axb5+ 37. axb5 h5 38. b6 Rc8+ 39. Kd3 Rb8 40. Rb2 h4 41. gxh4
Kxf4 42. b7 Ke5 43. h5 f5 1-0

[Event "Norway Masters blitz 4th"]
[Site "Stavanger"]
[Date "2016.04.18"]
[Round "9"]
[White "Giri, Anish"]
[Black "Carlsen, Magnus"]
[Result "1-0"]
[WhiteElo "2790"]
[BlackElo "2851"]
[Annotator "CB"]
[PlyCount "46"]
[EventDate "2016.04.18"]
[EventType "tourn (blitz)"]
[EventRounds "9"]
[EventCountry "NOR"]
[EventCategory "21"]
[SourceTitle "CBM 171 Extra"]
[Source "ChessBase"]
[SourceDate "2016.04.26"]
[SourceVersion "1"]
[SourceVersionDate "2016.04.26"]
[SourceQuality "1"]

1. e4 e5 2. Nf3 Nc6 3. Bb5 Nf6 4. d3 Bc5 5. Bxc6 dxc6 6. Nbd2 Be6 7. O-O Nd7 8.
Nb3 Bb6 9. Ng5 Bxb3 10. axb3 Qe7 (10... f6 11. Nf3 Nc5 12. Nd2 O-O 13. Nc4 Ne6
14. Kh1 Qd7 15. Qg4 Rad8 $11 {1/2-1/2 (72) Nakamura,H (2787)-Kramnik,V (2801)
Zuerich 2016}) 11. Bd2 (11. Kh1 f6 12. Nf3 Nc5 13. Nh4 Ne6 14. Qg4 O-O-O 15. f4
exf4 16. Bxf4 Qd7 $11 {1/2-1/2 (54) Sethuraman,S (2622)-Karthikeyan,P (2400)
Kottayam 2014}) 11... O-O-O {Castling queenside is a bit careless - White can
quickly drum up an attack.} 12. b4 Kb8 13. c4 Bd4 14. Nf3 Nf8 (14... Bxb2 15.
Ra2 Bd4 16. Qa4 a6 17. Nxd4 exd4 18. b5 $40) 15. Qa4 (15. Nxd4 Rxd4 (15... exd4
16. b5 cxb5 17. cxb5 {followed by} Z0 18. Qa4 $18) 16. Be3 $18) 15... a6 {
A move Black would prefer not to make but how else to defend a7? [#]} 16. b5
cxb5 17. cxb5 Qd7 18. bxa6 Qxa4 19. Rxa4 Ne6 20. axb7 Nc5 21. Ra3 Bxb2 22. Ra2
Nxd3 (22... Bd4 23. Nxd4 exd4 24. Rb1 $18 {is not much fun for Black.} Nxb7 25.
Rab2 $18) 23. Rb1 c5 (23... c5 24. Ne1 $18) 1-0

[Event "Norway Chess 4th"]
[Site "Stavanger"]
[Date "2016.04.25"]
[Round "6"]
[White "Vachier Lagrave, Maxime"]
[Black "Carlsen, Magnus"]
[Result "1/2-1/2"]
[WhiteElo "2788"]
[BlackElo "2851"]
[Annotator "CB"]
[PlyCount "129"]
[EventDate "2016.04.19"]
[EventType "tourn"]
[EventRounds "9"]
[EventCountry "NOR"]
[EventCategory "21"]
[SourceTitle "CBM 172"]
[Source "ChessBase"]
[SourceDate "2016.05.12"]
[SourceVersion "1"]
[SourceVersionDate "2016.05.12"]
[SourceQuality "1"]

1. e4 e5 2. Nf3 Nc6 3. Bb5 Nf6 4. O-O Nxe4 5. d4 Nd6 6. Bxc6 dxc6 7. dxe5 Nf5
8. Qxd8+ Kxd8 9. h3 Ke8 10. Nc3 h5 11. Bf4 Be7 12. Rad1 Be6 13. Ng5 Rh6 14.
Rfe1 Bb4 15. g4 hxg4 16. hxg4 Ne7 17. f3 ({The most popular move here is} 17.
Nxe6) 17... Bxc3 18. bxc3 Bxa2 19. Ne4 Rh8 20. e6 Bxe6 21. Bxc7 Nd5 ({One
wonders how Vachier-Lagrave wanted to improve a game between Anish Giri and
Sergey Karjakin which continued with} 21... b5 22. Be5 Rg8 23. Nc5 Nd5 24. f4
Bxg4 25. c4 f6 26. Rb1 Nb6 27. Bxf6+ Kf7 28. Bg5 Nxc4 29. Re7+ Kg6 30. Rbe1 Bf5
31. Kf2 Rad8 32. Nd3 a5 33. Rg1 Rd7 34. Bh4+ Kh7 35. Rxd7 Bxd7 36. Ne5 Nxe5 37.
fxe5 Re8 38. Re1 a4 39. Kf3 a3 40. Bf2 Rf8+ 41. Kg3 Be6 42. Bc5 Ra8 {0-1 (42)
Giri,A (2734)-Karjakin,S (2776) Beijing 2013}) 22. Be5 Kf8 23. Nc5 b5 24. c4
bxc4 25. Rd4 Re8 26. Rxc4 Rh6 27. Ra4 Kg8 (27... Ra8 28. Rea1 $14) 28. Rxa7 Bc8
29. Bg3 Rxe1+ 30. Bxe1 Rd6 {Black has to take measures against the threat of
Ra8.} 31. Ba5 {[#]} Bxg4 $5 {Carlsen liquidates into an endgame which he knows
from his World Championship match against Vishy Anand.} (31... Be6 32. Ne4 Rd7
33. Ra8+ Kh7 {apparently was not to his liking.}) 32. fxg4 Rg6 33. Kf2 Rxg4 34.
Bd2 ({Another attempt was} 34. Nd3 Rc4 35. Ne1 Ra4 36. Ke2 g5) 34... Rc4 35.
Ra8+ Kh7 36. Nd7 Rxc2 {The last remaining white pawn vanished from the board.}
37. Ke2 f6 38. Kd3 Rb2 39. Nf8+ Kg8 40. Ne6+ Kh7 41. Ra7 Rb3+ 42. Kd4 Rg3 43.
Kc5 Rg2 44. Ba5 Ne3 45. Kxc6 Nf5 46. Bb4 Re2 47. Kd7 Re4 48. Bc5 Kg6 49. Ra1
Re5 50. Bd6 Nxd6 51. Kxd6 Rb5 52. Rg1+ Kh6 53. Nf4 Kh7 54. Nd5 g5 55. Ke6 Kg7
56. Rf1 Ra5 57. Nxf6 Kg6 58. Nd5 Ra6+ 59. Ke5 Ra8 60. Ne7+ Kh5 61. Rh1+ Kg4 62.
Rg1+ Kh5 63. Rh1+ Kg4 64. Rg1+ Kh5 65. Rh1+ 1/2-1/2

[Event "Paris GCT rapid"]
[Site "Paris"]
[Date "2016.06.09"]
[Round "2"]
[White "Vachier Lagrave, Maxime"]
[Black "Carlsen, Magnus"]
[Result "0-1"]
[WhiteElo "2789"]
[BlackElo "2855"]
[Annotator "Szabo,Kr"]
[PlyCount "52"]
[EventDate "2016.06.09"]
[EventType "tourn (rapid)"]
[EventRounds "9"]
[EventCountry "FRA"]
[EventCategory "22"]
[SourceTitle "CBM 173"]
[Source "ChessBase"]
[SourceDate "2016.07.12"]
[SourceVersion "1"]
[SourceVersionDate "2016.07.12"]
[SourceQuality "1"]

1. e4 e5 2. Nf3 Nc6 3. Bb5 a6 4. Ba4 Nf6 5. O-O b5 6. Bb3 Bb7 {The classical
Arkhangelsk has gone a little bit out of tfashion, but still Carlsen sometimes
plays it.} (6... Bc5 {is more popular nowadays.}) 7. Nc3 Be7 8. d3 O-O 9. a3
Nd4 ({A few days before Vachier had a game with} 9... d6 10. Re1 Qd7 11. Ne2
Nd8 12. Ng3 Ne6 13. c3 c5 14. d4 c4 15. Bc2 Qc7 16. Nf5 Rfe8 17. Nxe7+ Qxe7 18.
Nh4 g6 19. d5 Nf4 20. g3 Nh3+ 21. Kg2 Bc8 22. a4 Bd7 23. f3 Nh5 24. Be3 N3f4+
25. Kh1 $14 {Vachier Lagrave-Stevic, Drancy 2016, and White had a comfortable
position which he later managed to win.}) 10. Nxd4 ({In the same tournament
Caruana played} 10. Ba2 {against Carlsen,} Nxf3+ 11. Qxf3 d6 12. Bg5 Qd7 {
and White should have played the natural} 13. Rfe1 {with a balanced middlegame.
} (13. Ne2 $2 {was a mistake by} Nxe4 $1 14. Bxe7 Nc5 $1 15. Bd5 Bxd5 16. Qxd5
Qxe7 $17 {Caruana-Carlsen, Paris rapid 2016, and Black is a P up without any
compensation for White.})) ({If White captures the P with} 10. Nxe5 Nxb3 11.
cxb3 d5 $132 {with great counterplay for the P.}) 10... exd4 11. Nd5 Nxd5 12.
exd5 $146 {A novelty by Vachier Lagrave.} (12. Bxd5 Bxd5 13. exd5 f5 (13... c6
$5) 14. Bf4 g5 15. Be5 Bc5 16. b4 d6 17. Bg3 Bb6 18. f4 g4 $11 {T.Gara-Zhukova,
Kragujevac 2015, with a nearly equal position.}) 12... c5 13. dxc6 ({The
developing} 13. Bf4 {was the alternative move.}) 13... dxc6 14. Re1 c5 15. a4
$6 {A typical move, but at this moment it is an inaccuracy.} ({The natural} 15.
Bf4 {was important and the position is balanced.}) 15... Bd6 $1 $15 {After
this move Black controls the important b8-h2 diagonal and he has a space
advantage on the queenside.} 16. Qh5 Qc7 17. c3 $6 {A dubious move, which
allows Black's P advance on the queenside.} ({White should have played} 17. Bd5
Bxd5 18. Qxd5 Rad8 $15 {and Black is slightly better.}) 17... c4 $1 {Black's P
structure is very flexible on the queenside, so now he is ready to push them.}
18. Bc2 g6 {An important intermediate move, which avoids White's threats on h7.
} 19. Qh3 dxc3 20. axb5 $6 {Another inaccuracy, but White's position was
already difficult.} ({In the event of} 20. bxc3 cxd3 21. Bxd3 Qxc3 $17 {
and Black has a healthy P up.}) 20... Rfe8 $1 $19 {A great intermediate move,
which is based on White's weak back rank. White is helpless.} 21. Re3 cxb2 22.
Bxb2 c3 23. Bc1 axb5 24. Rxa8 Rxa8 25. Bb3 Bf4 26. Re1 Ra1 {Very nice game by
Carlsen!} 0-1

[Event "Paris GCT rapid"]
[Site "Paris"]
[Date "2016.06.09"]
[Round "3"]
[White "Carlsen, Magnus"]
[Black "Aronian, Levon"]
[Result "1-0"]
[WhiteElo "2855"]
[BlackElo "2792"]
[Annotator "Nielsen,Peter Heine"]
[PlyCount "135"]
[EventDate "2016.06.09"]
[EventType "tourn (rapid)"]
[EventRounds "9"]
[EventCountry "FRA"]
[EventCategory "22"]
[SourceTitle "CBM 173"]
[Source "ChessBase"]
[SourceDate "2016.07.12"]
[SourceVersion "1"]
[SourceVersionDate "2016.07.12"]
[SourceQuality "1"]

1. e4 e5 2. Nf3 Nc6 3. Bb5 Nf6 4. d3 Bc5 5. c3 O-O 6. O-O d5 $5 {Recently at
the top level especially 6...d6 (as well as 6...Re8) has been the preferred
move, but Levon had prepared a surprise.} 7. exd5 Qxd5 8. Bc4 Qd6 (8... Qd7 $5
{is what he played later in the rapids against MVL, also getting a decent
position.}) 9. b4 Bb6 10. Nbd2 {The computer indicates 10.Ba3!? as a critical
reply, but it's not an easy move to play against a prepared opponent, and
Magnus sticks to commom sense chess:} Bf5 11. Qc2 Rad8 12. Ne4 Nxe4 13. dxe4
Bg4 14. Be2 a5 15. a3 {I guess the opening has to be described as an success
for Aronian. It's an equal symmetrical position, where its hard to see why
White should have any objective edge. Even so, Magnus makes it looks like it!}
Kh8 16. Bg5 f6 17. Rad1 Qe7 18. Bc1 Rxd1 19. Rxd1 Rd8 20. h3 Be6 21. Rxd8+ Qxd8
22. Nd2 {Still very minimal, but Nc4 or even Bc4, starts to bother moderately.
The bishop on b6 looks nice and better than its counterpart on c1, but it's a
target for White to attack, so Aronian decided to cover the c4-square.} Qg8 23.
Qd3 axb4 24. axb4 Qa8 $5 {The point is that now 25.Nc4 Bxc4!? 26.Qxc4 Qa1
generates strong counterplay.} 25. Nf1 Qa1 $6 {Aronian later regeretted this,
saying he got too optimistic. And its true, that while it looks active, soon
the queen will be forced back to defend, making ...Qa1 an empty shot.} 26. Be3
Bxe3 27. Qxe3 Bg8 $6 (27... Qe1 $5 {would have been an interesting way of
trying to force a queen exchange, as the queen is forced to keep the bishop on
e2 defended. White could play the endings after e.g. Bg4!? or Bb5, but Black
should hold.}) 28. Qc5 $1 Qa7 29. Qb5 $1 Qa8 30. Kh2 Qb8 31. Ne3 $2 {Magnus
has been playing true to his style - by very small means making chess look
simple and creating a serious advantage out what to most others looks like
thin air. Here however he makes an inaccuracy which Levon could have punished:}
Be6 $2 (31... Nd4 $3 {which is a beautiful tactic, forcing the exchange of
knight for bishop, as after 32.cxd4 exd4 Black has the unusual threat of ...c6
with a discovered check, attacking the white queen!}) 32. Bc4 {Now order is
restored. White has an considerable edge due to the greater activity of his
pieces and the weakness of c7.} Bd7 33. Qd5 Qc8 34. Be2 Ne7 35. Qf7 Qe8 36. Qc4
Qd8 37. Qd3 Qe8 38. Bg4 Bxg4 39. hxg4 h6 40. Qc4 c6 41. Qe6 Qf8 42. Qd7 b5 43.
Qe6 Kh7 44. g3 g6 $2 45. c4 $1 {It's a rapid game, and thus some ups and downs
are to be expected. Magnus let some of his edge slip, but Levon's last move is
a mistake, weakening his kingside, and now Magnus opens a route for his knight
to join the attack.} bxc4 {Sad, but neccesary, or else just cxb5 cxb5 Qd7
winning the pawn on b5.} 46. Nxc4 Kg7 47. Nd6 Kh7 48. Kg2 $1 {With Black being
completely tied down, the white king can safely walk to the queenside breaking
Black's resistance.} Kg7 49. Kf1 Kh7 50. Ke2 Kg7 51. Kd3 Ng8 52. Ne8+ Kh8 53.
Kc4 h5 54. gxh5 Qh6 $5 {A desperate attempt to fight for a perpetual, but
White hides his king easily.} 55. Qxc6 Qd2 56. hxg6 Qe2+ 57. Kc5 Qxf2+ 58. Kb5
Qxg3 59. Qd7 Qxg6 60. Ka5 {Even with the material being equal, it's completely
winning for White. The b-pawn queens, and Black has no counterplay whatsoever.}
Qg3 61. b5 Qc3+ 62. Ka6 Qa3+ 63. Kb7 Qg3 64. b6 Qg6 65. Ka7 f5 66. exf5 Qg3 67.
f6 Qa3+ 68. Kb8 1-0